[Event "DSOL 08 Liga Gr-B 1st"]
[White "Becker, Lennard"]
[Black "Grisk, Holger"]
[Site "Playchess.com INT"]
[Round "7.3"]
[Result "1-0"]
[Date "2020.08.04"]
[WhiteElo "1000"]
[BlackElo "1030"]
[PlyCount "101"]
[EventDate "2020.06.22"]
[EventType "team-tourn (rapid)"]
[EventCountry "GER"]
[SourceTitle "EXT 2021"]
[Source "ChessBase"]
[SourceDate "2020.10.23"]
[SourceVersion "1"]
[SourceVersionDate "2020.10.23"]
[SourceQuality "1"]
[WhiteTeam "Paderborn Blauer Springer VI"]
[BlackTeam "Gryps SV"]
[WhiteTeamCountry "GER"]
[BlackTeamCountry "GER"]

1. e4 e5 2. Nf3 Nc6 3. Bc4 Bc5 4. c3 Nf6 5. d4 exd4 6. cxd4 Bb4+ 7. Bd2 Bxd2+ 8. Nbxd2 0-0 9. 0-0 d6 10. h3 Re8 11. Re1 b6 12. Bb5 Bd7 13. Qa4 Nb8 14. Bxd7 Qxd7 15. Qxd7 Nbxd7 16. e5 dxe5 17. dxe5 Nd5 18. Rac1 Nc5 19. Re2 Nf4 20. Re3 Rad8 21. b4 Nce6 22. a3 Rd3 23. Rxd3 Nxd3 24. Rc3 Ndf4 25. Kh2 Ng6 26. g3 c6 27. Rxc6 h6 28. h4 Ne7 29. Rd6 Rd8 30. Rxd8+ Nxd8 31. Kh3 Kf8 32. Kg4 Ke8 33. Kf4 Kd7 34. Ke4 Ke6 35. Nc4 f5+ 36. exf6 gxf6 37. Nd4+ Kd7 38. Ne3 Ndc6 39. Ndf5 Ng8 40. Ng4 h5 41. Nge3 Nce7 42. Ng7 Nc6 43. Nxh5 Ne5 44. Nxf6+ Nxf6+ 45. Kxe5 Ke7 46. Nd5+ Nxd5 47. Kxd5 Kd7 48. h5 Ke7 49. Kc6 Kf7 50. Kb7 Kg7 51. g4 1-0

[Event "DSOL 08 Liga Gr-B 1st"]
[White "Siegel, Lukas"]
[Black "Becker, Lennard"]
[Site "Playchess.com INT"]
[Round "3.3"]
[Result "1/2-1/2"]
[Date "2020.07.10"]
[WhiteElo "1203"]
[BlackElo "1000"]
[PlyCount "108"]
[EventDate "2020.06.22"]
[EventType "team-tourn (rapid)"]
[EventCountry "GER"]
[SourceTitle "EXT 2021"]
[Source "ChessBase"]
[SourceDate "2020.10.23"]
[SourceVersion "1"]
[SourceVersionDate "2020.10.23"]
[SourceQuality "1"]
[WhiteTeam "Ketsch III"]
[BlackTeam "Paderborn Blauer Springer VI"]
[WhiteTeamCountry "GER"]
[BlackTeamCountry "GER"]

1. d4 d5 2. Bf4 Nf6 3. e3 Bf5 4. Nd2 e6 5. Ngf3 Nbd7 6. Be2 c5 7. c3 Be7 8. h3 h6 9. Bb5 0-0 10. 0-0 a6 11. Be2 b5 12. Nh4 Bh7 13. Nhf3 Ne4 14. Nxe4 dxe4 15. Ne5 Nxe5 16. Bxe5 f6 17. Bh2 Rc8 18. f3 Bd6 19. fxe4 Bxh2+ 20. Kxh2 Bxe4 21. Bg4 f5 22. Bf3 Qg5 23. Qe2 Bxf3 24. Rxf3 f4 25. exf4 Qf5 26. Re1 Rfe8 27. g4 Qg6 28. Re3 cxd4 29. Rxe6 Rxe6 30. Qxe6+ Qxe6 31. Rxe6 dxc3 32. bxc3 Rxc3 33. Rxa6 b4 34. Rb6 Rc2+ 35. Kg3 Rxa2 36. Rxb4 Ra3+ 37. Kh4 Kf7 38. g5 Ra6 39. Kg4 Rg6 40. Rb7+ Kg8 41. Kf5 Kh7 42. h4 h5 43. Rb4 Ra6 44. Ke5 Ra5+ 45. Ke4 g6 46. Rb6 Ra4+ 47. Ke5 Ra5+ 48. Ke6 Rf5 49. Rb7+ Kg8 50. Rb8+ Kh7 51. Rb7+ Kg8 52. Rb4 Kg7 53. Re4 Rf8 54. Ke5 Ra8 1/2-1/2